| 000 | 00711 a2200157 4500 | ||
|---|---|---|---|
| 040 |
_aDLC _bDLC |
||
| 245 | 0 | 0 |
_aPakistan health & population welfare facilities atlas _cMushtaq A. Khan. |
| 246 | 3 | _aPakistan health and population welfare facilities atlas | |
| 260 |
_aIslamabad : _bCentre for research on poverty Reduction and Income Distribution, incollaboration with Unicef Pakistan, _c2003. |
||
| 300 |
_a1 atlas (various pagings) : _bcol. ill, maps ; _c29 x 42 cm. |
||
| 500 | _a"Geographic information system for health sector". | ||
| 700 | 1 | _aKhan, Mushtaq A. | |
| 710 | 2 | _aCentre for Research on Poverty Reduction and Income Distribution (Pakistan) | |
| 710 | 2 | _aUNICEF Pakistan. | |
| 942 |
_cBK _k912 MUS _2ddc |
||
| 999 |
_c4807 _d4807 |
||